000
00356nam a2200157Ia 4500
003
0STCL
008
150530s9999 xx 000 0 und d
040
_a
STCL
_c
STCL
100
_a
Walter Scott
245
_a
Anne of Geierstein
260
_b
Oxford university
_c
1920
546
_a
English
942
_2
ddc
_c
BK
999
_c
57446
_d
57446
005
20220125171029.0